000 01199nam a22002895i 4500
001 177814
003 ES-MaACL
005 20231219062537.0
008 110428s2008 sp ao |||| | spa d
017 _aM-50460-2008
020 _a9788489895201
080 _a7.032(37:460.35)(083.824)
080 _a904(460.35):7.032(37)(083.824)
245 0 3 _aEl rescate de la Antigüedad clásica en Andalucía
_b: [exposición celebrada en la] Fundación Focus-Abengoa, Hospital de los Venerables, Sevilla, 24 de noviembre de 2008-28 de febrero de 2009 /
_c[textos y fichas, Alain Schnapp ... et al.].
260 _aSevilla :
_bFundación Focus Abengoa,
_cD. L. 2008.
300 _a333 p. :
_bil. col. y n. ;
_c28 cm.
500 _aÍndice.
504 _aBibliografía: p. 323-330.
650 4 _aArte romano-
_zAndalucía-
_vExposiciones.
_9146310
651 4 _aAndalucía-
_xRestos arqueológicos romanos-
_vExposiciones.
_9146311
655 7 _2tgfbne
_9193628
_aCatálogos de exposiciones
700 1 _aSchnapp, Alain.
_9146309
852 _aES-MaACL
_9R.144400
_jA-11104
_dOlim:N-4109
_cDEPO1
903 _aAbellán, José Luis,
_d1933-2023
_ednr
_q1
_9176509
942 _2udc
999 _c177814
_d177814